Don Alvaro de Luna
Guardat en:
| Autor principal: | |
|---|---|
| Format: | Llibre |
| Idioma: | espanyol |
| Publicat: |
Buenos Aires
Espasa-Calpe
1939
|
| Col·lecció: | Colección Austral, 64
|
| Matèries: | |
| Etiquetes: |
Afegir etiqueta
Sense etiquetes, Sigues el primer a etiquetar aquest registre!
|
MARC
| LEADER | 00000nam a2200000 a 4500 | ||
|---|---|---|---|
| 001 | UCZ6217 | ||
| 003 | CL-VaPUC | ||
| 008 | 951205e19390000AG |||||||||||||||||spa|d | ||
| 082 | 0 | 4 | |a 928 |b SIL |2 21 |
| 100 | 0 | |a Silió Cervera, César |e author |9 350454 | |
| 245 | 1 | 0 | |a Don Alvaro de Luna |
| 300 | |a 279 p | ||
| 942 | |c BK | ||
| 945 | |d 19951205 00:00:00 |a rleighto | ||
| 260 | |a Buenos Aires |b Espasa-Calpe |c 1939 | ||
| 600 | 0 | 7 | |a LUNA, ALVARO DE |2 CL-VaPUC |9 350455 |
| 650 | 0 | |a Biografías |9 255210 | |
| 650 | 0 | |a Militares |9 336881 | |
| 651 | 0 | |a España |9 254926 | |
| 583 | |a last modification |c 20160810 05:11:53 |k Rodrigo Vera | ||
| 490 | 0 | |a Colección Austral, 64 | |
| 999 | |c 242456 |d 242454 | ||
| 952 | |0 0 |1 0 |4 0 |6 928_000000000000000_SIL_1939 |7 0 |8 A |9 255447 |a BIBEDU |b BIBEDU |d 2019-11-19 |i 3157709 |o 928 SIL 1939 |p 3157709 |r 2019-11-19 |w 2019-11-19 |y BK |k LIT | ||